Las Lenguas Germánicas - Estadísticas

Estadísticas generales
  • Esta prueba ha sido intentada 68 veces
  • La puntuación promedio es 9 de 22
Estadísticas de respuestas
Hablantes Totales Idioma % Correcto
170.000.000 Alemán
98%
1.450.000.000 Inglés
93%
30.000.000 Neerlandés
93%
13.200.000 Sueco
85%
6.000.000 Danés
84%
5.000.000 Noruego
82%
320.000 Islandés
66%
12.000.000 Austro-Bávaro
52%
300.000 Luxemburgués
49%
17.500.000 Afrikáans
36%
1.540.000 Escocés
33%
83.000 Feroés
31%
2.000 Frisón de Saterland
23%
470.000 Frisón Occidental
23%
9.000 Frisón Septentrional
23%
5.000.000 Bajo Sajón
21%
10.000.000 Alemánico
15%
1.505.000 Yidis
13%
1.600.000 Limburgués
5%
4.000 Dalecarliano
2%
3.000 Gútnico
2%
1.000.000 Fráncico Ripuario
0%
No se encontraron pruebas coincidentes
Distribución de puntuación
Porcentaje de gente con cada puntuación
Porcentaje por número respondido
Historial de tus puntuaciones
No has intentado esta prueba.